[Event "Thursday Knighter XI: PREMIER"]
[Site "Minneapolis, MN"]
[Date "2018.11.08"]
[Round "2.3"]
[White "Marquina, Efrain"]
[Black "Buyukdag, Yusuf"]
[Result "1/2-1/2"]
[WhiteElo "1645"]
[BlackElo "1102"]

1. d4 Nf6 2. Nf3 e6 3. g3 c5 4. Bg2 Nc6 5. O-O d5 6. b3 cxd4 7. Nxd4 Bc5 8.
Bb2 O-O 9. Nf3 d4 10. c3 dxc3 11. Nxc3 Qc7 12. Na4 Rd8 13. Qc2 Be7 14. Rac1
Bd7 15. Ng5 e5 16. Nc5 Rac8 17. Nxd7 Qxd7 18. Bh3 Qd5 19. Bxc8 Rxc8 20. Rfd1
Qb5 21. Qc4 Qb6 22. Qxf7+ Kh8 23. Qe6 Rf8 24. Nf7+ Rxf7 25. Qxf7 Bc5 26. Rxc5
Qxc5 27. Qe6 Qc2 28. Qc8+ Ng8 29. Rd7 Qxb2 30. Qxb7 Qb1+ 31. Kg2 Qe4+ 32. Kg1
Qb1+ {#d} 1/2-1/2

[Event "Thursday Knighter XI: OPEN"]
[Site "Minneapolis, MN"]
[Date "2018.11.08"]
[Round "2.4"]
[White "Wisniewski, Vincent"]
[Black "Myrin, Norman"]
[Result "1-0"]
[WhiteElo "1432"]
[BlackElo "1974"]

1. d4 d5 2. c4 e6 3. Nc3 Nf6 4. e3 c6 5. Bd3 Bd6 6. Nf3 Nbd7 7. O-O b6 8. e4
dxe4 9. Nxe4 Nxe4 10. Bxe4 Bb7 11. Re1 Nf6 12. Bc2 O-O 13. Bd2 c5 14. dxc5
bxc5 15. Bc3 Be7 16. Qe2 Qb6 17. Rad1 Rfd8 18. Ne5 Rxd1 19. Rxd1 Rd8 20. Rxd8+
Qxd8 21. f3 Nd7 22. Bxh7+ Kh8 23. Nxf7+ {#r} 1-0

[Event "Thursday Knighter XI: OPEN"]
[Site "Minneapolis, MN"]
[Date "2018.11.08"]
[Round "2.5"]
[White "Juntunen, Steven"]
[Black "Lothrop, Bill"]
[Result "1-0"]
[WhiteElo "2133"]
[BlackElo "1209"]

1. e4 c5 2. Nf3 e6 3. Nc3 a6 4. d4 cxd4 5. Nxd4 Qc7 6. Be2 Nf6 7. O-O b5 8.
Bf3 Bb7 9. Re1 d6 10. a3 Be7 11. e5 Nfd7 12. Bxb7 Qxb7 13. exd6 Bxd6 14. Nxe6
Be5 15. Nc5 Qc7 16. Nxd7 Nxd7 17. Nd5 Qd6 18. f4 O-O 19. fxe5 Nxe5 20. Bf4
Rfe8 21. Rxe5 Rxe5 22. Bxe5 Qxe5 23. Nc3 Re8 24. h3 Qc5+ 25. Kh1 g6 26. Qd5
Qf2 27. Ne4 Qxc2 28. Nf6+ {#r} 1-0

[Event "Thursday Knighter XI: PREMIER"]
[Site "Minneapolis"]
[Date "2018.11.15"]
[Round "3.1"]
[White "Britt, Thomas"]
[Black "Hoover, Nathan"]
[Result "0-1"]
[WhiteElo "1460"]
[BlackElo "1979"]

1. d4 Nf6 2. c4 e6 3. Nf3 d5 4. g3 dxc4 5. Qa4+ Bd7 6. Qxc4 c5 7. dxc5 Nc6 8.
Bg2 Qa5+ 9. Nbd2 Qxc5 10. O-O Rc8 11. Qxc5 Bxc5 12. Nc4 O-O 13. Bf4 Nd4 14.
Nxd4 Bxd4 15. Rac1 b5 16. Nd6 Rxc1 17. Rxc1 Bxb2 18. Rc7 Bd4 19. Ne4 Rd8 20.
Bg5 Bb6 21. Rc1 Rc8 22. Rxc8+ Bxc8 23. Nxf6+ gxf6 24. Bxf6 b4 25. Be4 a5 26.
Bc2 Ba6 27. Kf1 Kf8 28. Bxh7 Bc4 29. Bb1 Bc5 30. h4 a4 31. h5 Be7 32. Bd4 f6
33. f4 Kf7 34. Ke1 Bf8 35. Kd2 f5 36. e4 Bg7 37. e5 Bf8 38. Bb6 b3 39. axb3
Bb4+ 40. Kc1 Bxb3 41. Bc2 Bxc2 42. Kxc2 Be1 43. Be3 Kg7 44. Kb2 Bb4 45. Kc2
Kh6 46. Kd3 Kxh5 47. Kc4 Be1 48. Bc1 Bxg3 49. Kc5 Kg4 50. Kd6 Bxf4 51. Bb2 Bg5
52. Kxe6 f4 53. Kd5 f3 54. Bd4 a3 55. Ke4 Kg3 56. Kf5 Bh4 57. e6 a2 58. Bf6
Bxf6 {#R} 0-1

[Event "Thursday Knighter XI: PREMIER"]
[Site "Minneapolis"]
[Date "2018.11.15"]
[Round "3.2"]
[White "Louie, Terry"]
[Black "Hunt, Ethan"]
[Result "0-1"]
[WhiteElo "1506"]
[BlackElo "1912"]

1. d4 d5 2. c4 c6 3. Nf3 Nf6 4. Nc3 e6 5. Bg5 dxc4 6. e4 b5 7. e5 h6 8. Bh4 g5
9. Nxg5 hxg5 10. Bxg5 Nbd7 11. Qf3 Bb7 12. exf6 Qb6 13. Qg3 Qxd4 14. Rd1 Qe5+
15. Qxe5 Nxe5 16. Ne4 Rd8 17. h4 c5 18. Ng3 Rxd1+ 19. Kxd1 Ng4 20. Ke2 Bd6 21.
h5 Be5 22. Rh4 Nxf6 23. Bc1 Bxg3 24. fxg3 Rxh5 25. Be3 Kd7 26. Rf4 Ke7 27. a4
a6 28. g4 Re5 29. Kd2 Rxe3 30. Kxe3 Nd5+ 31. Kf3 Nxf4+ 32. Kxf4 Bd5 33. axb5
axb5 34. g3 b4 35. g5 b3 36. Ke5 c3 37. bxc3 b2 38. Bd3 Ba2 {#R} 0-1

[Event "Thursday Knighter XI: PREMIER"]
[Site "Minneapolis"]
[Date "2018.11.15"]
[Round "3.3"]
[White "Cavanah, Troy"]
[Black "Marquina, Efrain"]
[Result "1-0"]
[WhiteElo "1877"]
[BlackElo "1645"]

1. e4 c5 2. Nf3 g6 3. c3 Bg7 4. d4 cxd4 5. cxd4 d5 6. exd5 Nf6 7. Bc4 Nxd5 8.
Qa4+ Bd7 9. Qb3 Bc6 10. Nc3 e6 11. Nxd5 Bxd5 12. Bxd5 Qxd5 13. Qxd5 exd5 14.
Bf4 O-O 15. O-O-O Nc6 16. Ne5 Rac8 17. Kb1 Rfe8 18. Rhe1 Re6 19. Nxc6 Rcxc6
20. Be5 a6 21. Bxg7 Kxg7 22. h4 h5 23. f3 f5 24. Re5 f4 25. Rxd5 Kf6 26. Rd7
b5 27. d5 {#r} 1-0

[Event "Thursday Knighter XI: PREMIER"]
[Site "Minneapolis"]
[Date "2018.11.15"]
[Round "3.4"]
[White "Boardman, Larry"]
[Black "Buyukdag, Yusuf"]
[Result "1-0"]
[WhiteElo "1931"]
[BlackElo "1102"]

1. e4 c5 2. Nf3 Nc6 3. d4 cxd4 4. Nxd4 g6 5. c4 Nf6 6. Nc3 Bg7 7. Nc2 d6 8.
Be2 O-O 9. O-O Bd7 10. Be3 Rc8 11. f3 Qa5 12. Rc1 Rfe8 13. Qd2 Ne5 14. b4 Qc7
15. Na3 a6 16. Rfd1 Qb8 17. Bb6 Be6 18. Nd5 Nfd7 19. Be3 f6 20. c5 g5 21. Nc4
dxc5 22. Ncb6 Nxb6 23. Nxb6 Rcd8 24. Qc3 cxb4 25. Qxb4 Nc6 26. Qa4 Qe5 27. Nc4
Rxd1+ 28. Rxd1 Qc7 29. Bb6 Qc8 30. Ne3 Ne5 31. Nd5 Bd7 32. Qb3 e6 33. Nc7 Re7
34. g3 Bc6 35. Nxa6 Nd7 36. Nc5 Nxb6 37. Qxb6 Kf7 38. Bc4 Bf8 39. Rd8 Qc7 40.
Rxf8+ Kg6 41. Qxc7 Rxc7 42. Nxe6 Re7 43. Rg8+ Kh6 44. g4 b5 45. Nd4 bxc4 46.
Nf5# 1-0

[Event "Thursday Knighter XI: OPEN"]
[Site "Minneapolis"]
[Date "2018.11.15"]
[Round "3.4"]
[White "Juntunen, Steven"]
[Black "Lothrop, Jack"]
[Result "0-1"]
[WhiteElo "2133"]
[BlackElo "1506"]

1. e4 c5 2. Nf3 e6 3. Nc3 a6 4. d4 cxd4 5. Nxd4 Qc7 6. Be3 Nf6 7. f3 Bb4 8.
Nde2 O-O 9. Qd2 Rd8 10. O-O-O Nc6 11. Nf4 d5 12. exd5 Nxd5 13. Nfxd5 Rxd5 14.
Qf2 Rxd1+ 15. Nxd1 b5 16. a3 Be7 17. Bd3 Ne5 18. Be4 Bb7 19. Bb6 Qd7 20. Bxb7
Qxb7 21. Nc3 Rc8 22. Bd4 Nc4 23. Qg3 f6 24. Ne4 e5 25. Bc3 a5 26. Qg4 Qc6 27.
Rd1 b4 28. Rd7 Ne3 29. Nxf6+ Bxf6 30. Rd6 Nxg4 31. Rxc6 Rxc6 32. axb4 axb4 33.
Bxb4 Ne3 34. Bc3 Nxg2 35. b4 e4 36. Bxf6 gxf6 37. fxe4 Rc4 38. b5 Rxe4 39. Kd2
Rb4 40. Kc3 Rxb5 41. Kc4 Rh5 42. Kb4 f5 43. c4 f4 44. c5 Rxc5 {#R} 0-1

[Event "Thursday Knighter XI: PREMIER"]
[Site "Minneapolis, MN"]
[Date "2018.11.21"]
[Round "4.1"]
[White "Hunt, Ethan"]
[Black "Hoover, Nathan"]
[Result "1/2-1/2"]
[WhiteElo "1912"]
[BlackElo "1979"]

1. d4 d5 2. Nf3 Nf6 3. c4 e6 4. g3 dxc4 5. Bg2 c5 6. O-O Nc6 7. Qa4 Bd7 8.
Qxc4 b5 9. Qd3 c4 10. Qd1 Rc8 11. Nbd2 Qb6 12. e3 Be7 13. a4 a6 14. axb5 axb5
15. Qc2 O-O 16. Ne4 Nd5 17. Neg5 g6 18. h4 Ndb4 19. Qb1 Na5 20. Bd2 Nb3 21.
Bxb4 Bxb4 22. Ra2 h6 23. Ne4 f5 24. Nc3 Bc6 25. Rd1 Bxc3 26. bxc3 Be4 27. Qb2
Qb7 28. Ne1 Bxg2 29. Nxg2 Ra8 30. Ra3 Qe7 31. Rxb3 cxb3 32. Qxb3 Rfb8 33. Nf4
Ra3 {#d} 1/2-1/2

[Event "Thursday Knighter XI: PREMIER"]
[Site "Minneapolis, MN"]
[Date "2018.11.21"]
[Round "4.2"]
[White "Boardman, Larry"]
[Black "Cavanah, Troy"]
[Result "1-0"]
[WhiteElo "1931"]
[BlackElo "1877"]

1. e4 c5 2. Nf3 d6 3. d4 cxd4 4. Nxd4 Nf6 5. Nc3 a6 6. Be2 e6 7. O-O Be7 8.
Be3 b5 9. Bf3 Nfd7 10. e5 d5 11. Nxd5 exd5 12. Bxd5 Nb6 13. Bxa8 Nxa8 14. Qf3
Nb6 15. Rad1 Qc7 16. e6 O-O 17. Bf4 Qa7 18. exf7+ Rxf7 19. Qg3 N8d7 20. Rfe1
Nd5 21. Nc6 Qb7 22. Nxe7+ Rxe7 23. Bd6 Rxe1+ 24. Rxe1 N7f6 25. h3 Qc6 26. c3
Bb7 27. Be5 Qe6 28. f3 Qc8 29. Bd4 h6 30. Qg6 Nf4 31. Qg3 N6h5 32. Qg4 Qf8 33.
Qd7 Bc8 34. Qe8 Nd3 35. Re7 Ndf4 36. Bc5 Ng6 37. Qxf8+ Kxf8 38. Rc7+ Kg8 39.
Rxc8+ Kh7 40. Ra8 Ngf4 41. Rxa6 Nd3 42. Ba3 Ng3 43. Rb6 Ne2+ 44. Kh2 Ne5 45.
Re6 {#r} 1-0

[Event "Thursday Knighter XI: PREMIER"]
[Site "Minneapolis, MN"]
[Date "2018.11.21"]
[Round "4.3"]
[White "Buyukdag, Yusuf"]
[Black "Wasserman, Eddie"]
[Result "0-1"]
[WhiteElo "1102"]
[BlackElo "1928"]

1. d4 g6 2. c4 Bg7 3. Nc3 c5 4. d5 Bxc3+ 5. bxc3 f5 6. Nf3 d6 7. g3 Nd7 8. Bg2
Ngf6 9. Bh6 Qa5 10. Qd3 Ne4 11. O-O Nb6 12. Rfe1 Qa4 13. Nd2 Nxd2 14. Qxd2
Nxc4 15. Qf4 Bd7 16. e4 Ne5 17. Bg7 Nd3 18. Qh6 Nxe1 19. Rxe1 Rg8 20. Qxh7
O-O-O 21. exf5 Bxf5 22. Rxe7 Qd1+ 23. Bf1 Bd3 24. Qh3+ Kb8 25. Bf6 Rde8 26.
Bg5 Rxe7 27. Bxe7 Re8 28. Bxd6+ Ka8 29. Bxc5 Bxf1 30. Qxf1 Re1 31. Qxe1 Qxe1+
32. Kg2 Qxc3 33. Bf8 Qc8 34. Bh6 Qd7 {#R} 0-1

[Event "Thursday Knighter XI: OPEN"]
[Site "Minneapolis, MN"]
[Date "2018.11.21"]
[Round "4.4"]
[White "Hale, Roger"]
[Black "Juntunen, Steven"]
[Result "0-1"]
[WhiteElo "1979"]
[BlackElo "2133"]

1. e4 e5 2. Nf3 Nc6 3. Bb5 a6 4. Ba4 Nf6 5. O-O Be7 6. Re1 b5 7. Bb3 O-O 8. c3
d6 9. d4 Bg4 10. d5 Na5 11. Nbd2 Nxb3 12. Qxb3 c6 13. Qd1 cxd5 14. exd5 Nxd5
15. Ne4 Nf6 16. Qd3 Nxe4 17. Qxe4 Bh5 18. Qe3 f6 19. Nh4 Bg4 20. h3 Be6 21. g4
f5 22. gxf5 Bxh4 23. fxe6 Bxf2+ 24. Qxf2 Rxf2 25. Kxf2 Qf6+ 26. Kg2 Rf8 27.
Be3 Qg6+ 28. Kh1 Rf3 29. Re2 Rxh3+ 30. Rh2 Qe4+ 31. Kg1 Qxe3+ 32. Rf2 Qg5+ 33.
Rg2 Rg3 34. Rf1 Rxg2+ 35. Kh1 Qg6 36. e7 Rg1+ 37. Rxg1 Qxg1+ 38. Kxg1 Kf7 39.
e8=Q+ Kxe8 40. Kf2 g5 41. Kf3 h5 42. Kg3 d5 43. Kf3 g4+ 44. Kg3 d4 45. Kf2
dxc3 46. bxc3 h4 47. Ke3 h3 48. Kf2 e4 49. a4 e3+ 50. Kg3 bxa4 51. c4 a3 52.
c5 a2 53. c6 a1=Q 54. Kh2 Qe5+ 55. Kh1 Qe4+ {#R} 0-1

[Event "Thursday Knighter XI: PREMIER"]
[Site "Minneapolis, MN"]
[Date "2018.11.29"]
[Round "5.1"]
[White "Hoover, Nathan"]
[Black "Narayanan, Samrug"]
[Result "0-1"]
[WhiteElo "1979"]
[BlackElo "1183"]

1. e4 c5 2. Nf3 d6 3. d4 cxd4 4. Nxd4 Nf6 5. Nc3 Nc6 6. Bg5 e6 7. Qd2 a6 8.
O-O-O Bd7 9. f4 b5 10. Bxf6 gxf6 11. f5 Qb6 12. Nxc6 Bxc6 13. Qf4 b4 14. Nb1
e5 15. Qh4 Ke7 16. Bc4 h5 17. Nd2 Bh6 18. Kb1 Bg5 19. Qe1 Qc5 20. Bd3 a5 21.
h4 Bh6 22. Rh3 a4 23. Bf1 Rhc8 24. c4 Qd4 25. Rd3 Bxd2 26. R3xd2 Qxe4+ 27. Ka1
Qxe1 28. Rxe1 Rg8 29. Re3 Rg4 30. g3 Re4 31. Rxe4 Bxe4 32. Be2 Bxf5 33. Bxh5
Rg8 34. Rg2 Bg4 35. Bxg4 Rxg4 36. b3 axb3 37. axb3 f5 38. h5 Kf6 39. Rd2 Rd4
40. Rf2 e4 41. g4 e3 42. Rxf5+ Kg7 43. h6+ Kxh6 44. Rxf7 e2 45. Re7 Rd1+ 46.
Kb2 e1=Q {#R} 0-1

[Event "Thursday Knighter XI: PREMIER"]
[Site "Minneapolis, MN"]
[Date "2018.11.29"]
[Round "5.2"]
[White "Hunt, Ethan"]
[Black "Boardman, Larry"]
[Result "1-0"]
[WhiteElo "1912"]
[BlackElo "1931"]

1. Nf3 c5 2. c4 Nf6 3. Nc3 e6 4. g3 b6 5. Bg2 Bb7 6. O-O Be7 7. Re1 d6 8. e4
a6 9. d4 cxd4 10. Nxd4 Qc7 11. Be3 Nbd7 12. Rc1 O-O 13. f4 h5 14. h3 e5 15.
Nf5 Nc5 16. Nd5 Bxd5 17. cxd5 Qd7 18. Rxc5 bxc5 19. fxe5 dxe5 20. d6 Bd8 21.
Bxc5 Re8 22. h4 g6 23. Ne3 Qb5 24. b4 a5 25. a3 axb4 26. axb4 Bb6 27. Qc2 Rec8
28. Qf2 Bxc5 29. bxc5 Qxc5 30. Qxf6 Rc6 31. Qf2 Qxd6 32. Rd1 Qe6 33. Nd5 Kg7
34. Kh2 Rd8 35. Rb1 Qd6 36. Rb7 Rd7 37. Rb2 Qa3 38. Bf1 Rcd6 39. Bc4 Qa5 40.
Ra2 Qd8 41. Qb2 f6 42. Qf2 Qb8 43. Rb2 Qd8 44. Qc5 f5 45. exf5 Rxd5 46. Bxd5
Rxd5 47. Rb7+ Kf6 48. Rb6+ Kxf5 49. Qf2+ Kg4 50. Rxg6+ {#r} 1-0

[Event "Thursday Knighter XI: PREMIER"]
[Site "Minneapolis, MN"]
[Date "2018.11.29"]
[Round "5.4"]
[White "Buyukdag, Yusuf"]
[Black "Louie, Terry"]
[Result "1/2-1/2"]
[WhiteElo "1102"]
[BlackElo "1506"]

1. d4 Nf6 2. c4 c5 3. d5 b5 4. cxb5 a6 5. e3 g6 6. Nc3 Bg7 7. Bc4 O-O 8. Nge2
d6 9. O-O Nbd7 10. a4 Ne5 11. Qb3 Nxc4 12. Qxc4 axb5 13. Nxb5 Ba6 14. Nec3 Qb8
15. Bd2 Nd7 16. Rfb1 Re8 17. Qh4 e6 18. e4 Bxb5 19. Nxb5 Ne5 20. Bc3 exd5 21.
exd5 Qd8 22. Qxd8 Rexd8 23. Ra2 Rd7 24. b3 Nd3 25. Bxg7 Kxg7 26. Rd2 Nb4 27.
Nc3 Re8 28. a5 Ra7 29. Ra1 Rxa5 {#d} 1/2-1/2

[Event "Thursday Knighter XI: OPEN"]
[Site "Minneapolis, MN"]
[Date "2018.11.29"]
[Round "5.4"]
[White "Foote, Brendan"]
[Black "Juntunen, Steven"]
[Result "1/2-1/2"]
[WhiteElo "1142"]
[BlackElo "2133"]

1. d4 Nf6 2. c4 e6 3. Nc3 Bb4 4. Qc2 O-O 5. a3 Bxc3+ 6. Qxc3 b6 7. Nf3 Bb7 8.
e3 d6 9. Be2 Nbd7 10. O-O c5 11. b4 Ne4 12. Qc2 cxd4 13. exd4 Rc8 14. Bd3 d5
15. Nd2 f5 16. c5 Qf6 17. Bb2 Qg6 18. f3 Ng5 19. Kh1 Rc7 20. a4 a6 21. Nb3 Nf7
22. Qd2 bxc5 23. dxc5 Ra8 24. Rfe1 Nd8 25. Nd4 Nf8 26. Rac1 Nc6 27. Nxc6 Bxc6
28. b5 axb5 29. axb5 Be8 30. Be5 Rca7 31. b6 Ra2 32. Rc2 Rxc2 33. Qxc2 Bc6 34.
Rb1 Nd7 35. Bd6 Qe8 36. Kg1 Qc8 37. Qb2 Bb7 38. Ra1 Rxa1+ 39. Qxa1 Nxc5 40.
Bc2 Nd7 41. Bc7 Nxb6 42. Qe5 Nc4 43. Qf4 e5 44. Bxe5 Nxe5 45. Qxe5 g6 46. Bb3
Qd7 47. f4 Qc6 48. Qd4 Qc1+ 49. Kf2 Qc6 50. g3 Qe6 51. Qe5 Qxe5 52. fxe5 Kf7
53. Ke3 Ke6 54. Kd4 g5 55. h3 f4 56. gxf4 gxf4 57. Bd1 Ba6 58. Bf3 Bc4 59.
Bg4+ Ke7 60. Bf3 Bf1 61. h4 Bc4 62. Bg4 h6 63. Bf3 Ba2 64. Bg4 Bb3 65. Bf3 Kf7
66. Bg4 Kg6 {#d} 1/2-1/2

[Event "Thursday Knighter XII: PREMIER"]
[Site "Minneapolis, MN"]
[Date "2018.12.06"]
[Round "1.1"]
[White "Marquina, Efrain"]
[Black "Hoover, Nathan"]
[Result "0-1"]
[WhiteElo "1645"]
[BlackElo "1979"]

1. d4 Nf6 2. c4 g6 3. Nc3 d5 4. cxd5 Nxd5 5. e4 Nxc3 6. bxc3 Bg7 7. Bc4 c5 8.
Be3 Nc6 9. Ne2 O-O 10. O-O Bg4 11. f3 Na5 12. Bd3 cxd4 13. cxd4 Be6 14. Qa4 a6
15. Bd2 Nc4 16. Bxc4 Bxd4+ 17. Nxd4 Qxd4+ 18. Kh1 Bxc4 19. Bh6 b5 20. Rad1 Qb2
21. Qa5 Bxf1 22. Rxf1 Rfd8 23. Bc1 Qe2 24. Re1 Rd1 {#R} 0-1

[Event "Thursday Knighter XII: PREMIER"]
[Site "Minneapolis, MN"]
[Date "2018.12.06"]
[Round "1.2"]
[White "Newhall, Peter"]
[Black "Mulligan, Toma"]
[Result "1-0"]
[WhiteElo "1067"]
[BlackElo "2008"]

1. d4 f5 2. Bg5 Nf6 3. Bxf6 exf6 4. e3 d5 5. Bd3 Be6 6. Qf3 Qd7 7. Ne2 Bd6 8.
Nd2 g5 9. Ng3 g4 10. Qd1 Nc6 11. c3 Ne7 12. Qc2 O-O-O 13. Ne2 Ng6 14. g3 Kb8
15. h4 h5 16. O-O-O c5 17. dxc5 Bxc5 18. Nb3 Bb6 19. Nbd4 Ne5 20. Bxf5 Bxf5
21. Qxf5 Bxd4 22. Nxd4 Qa4 23. Kb1 Rd6 24. Qc2 Qc4 25. Qe2 Qc8 26. Nb3 Re8 27.
Qb5 Qf5+ 28. Ka1 Red8 29. Qe2 Nc4 30. Rd4 Nb6 31. Rhd1 Qe5 32. Nc5 a6 33. Nd3
Qe6 34. Nf4 Qe5 35. R1d3 Kc7 36. Qd1 Kb8 37. e4 {#r} 1-0

[Event "Thursday Knighter XII: PREMIER"]
[Site "Minneapolis, MN"]
[Date "2018.12.06"]
[Round "1.3"]
[White "Buyukdag, Yusuf"]
[Black "Louie, Terry"]
[Result "1-0"]
[WhiteElo "1102"]
[BlackElo "1506"]

1. d4 c5 2. d5 Nf6 3. c4 b5 4. cxb5 g6 5. Nc3 a6 6. e3 Bg7 7. Nf3 O-O 8. a4
axb5 9. Bxb5 Na6 10. O-O Nb4 11. Qb3 Ba6 12. Bxa6 Rxa6 13. Bd2 Qb8 14. Qc4 Qb6
15. e4 d6 16. Rab1 Rfa8 17. Rfc1 h6 18. b3 Nd7 19. Nb5 Ne5 20. Nxe5 Bxe5 21.
Bxb4 cxb4 22. Nc7 {#r} 1-0

[Event "Thursday Knighter XII: OPEN"]
[Site "Minneapolis, MN"]
[Date "2018.12.06"]
[Round "1.3"]
[White "McGrath, Dennis"]
[Black "Hale, Roger"]
[Result "1-0"]
[WhiteElo "1645"]
[BlackElo "1979"]

1. d4 d5 2. c4 e6 3. Nf3 Be7 4. g3 Nf6 5. Bg2 O-O 6. Qc2 Nbd7 7. O-O b6 8.
cxd5 exd5 9. Bf4 Ne8 10. Nc3 c6 11. Rfd1 Bb7 12. e4 Rc8 13. e5 c5 14. dxc5
Rxc5 15. Qb3 Nc7 16. Nd4 Ne6 17. Nxe6 fxe6 18. Bh3 Kf7 19. Nb5 Qb8 20. Nd4
Rfc8 21. Bxe6+ Ke8 22. Bxd7+ Kd8 23. Bxc8 Qxc8 24. Rac1 Rxc1 25. Rxc1 Qh3 26.
Nc6+ Ke8 27. Nxe7 d4 28. Nc6 Kf8 29. Qb4+ Kg8 30. Qe7 Qc8 31. Nd8 {#r} 1-0

[Event "Thursday Knighter XII: OPEN"]
[Site "Minneapolis, MN"]
[Date "2018.12.06"]
[Round "1.4"]
[White "Khann, Riaz"]
[Black "Landman, Kevin"]
[Result "0-1"]
[WhiteElo "1506"]
[BlackElo "1506"]

1. e4 c5 2. Nf3 e6 3. d4 cxd4 4. Nxd4 a6 5. Nc3 Qc7 6. Be2 Nf6 7. Bg5 Bb4 8.
Qd3 d6 9. O-O Bxc3 10. bxc3 Nbd7 11. Bh4 b5 12. Bg3 Ne5 13. Bxe5 dxe5 14. Nb3
Bb7 15. Qg3 Bxe4 16. Bf3 O-O 17. Bd1 Rac8 18. c4 Qxc4 19. h4 Qc3 20. Qg5 h6
21. Qc1 Bxc2 22. Bxc2 Qxc2 23. Qa3 Qc6 24. Rac1 Qb6 25. Rcd1 Nd5 26. Qb2 Rc4
27. Qxe5 Rfc8 28. h5 Qc7 29. Qb2 Rh4 30. g3 Rxh5 31. Rc1 Qb7 32. Rxc8+ Qxc8
33. Rc1 Qa8 34. Nd4 Nb4 35. Nf3 Qxf3 36. Rc8+ Kh7 37. Qb1+ f5 {#R} 0-1

[Event "Thursday Knighter XII: OPEN"]
[Site "Minneapolis, MN"]
[Date "2018.12.06"]
[Round "1.5"]
[White "Juntunen, Steven"]
[Black "Thiagarajan, Arvind"]
[Result "0-1"]
[WhiteElo "2133"]
[BlackElo "1528"]

1. e4 c5 2. Nf3 d6 3. Nc3 Nf6 4. Bb5+ Bd7 5. Bxd7+ Qxd7 6. O-O e6 7. d4 Be7 8.
dxc5 dxc5 9. Qxd7+ Nbxd7 10. e5 Nd5 11. Nxd5 exd5 12. Re1 Nf8 13. b3 Ne6 14.
Bb2 O-O 15. Rad1 Rad8 16. Nd2 b6 17. Nf1 Bg5 18. g3 f5 19. f4 Be7 20. Ne3 d4
21. Nc4 b5 22. Na5 Rc8 23. Nb7 Rc6 24. c3 Rb8 25. Nd6 Bxd6 26. exd6 Rxd6 27.
cxd4 Rxd4 28. Rxd4 Nxd4 29. Bxd4 cxd4 30. Re5 g6 31. Rd5 Rc8 32. Rxd4 Rc1+ 33.
Kf2 Rc2+ 34. Ke3 Rxh2 35. Rd8+ Kf7 36. Rd7+ Ke6 37. Rxa7 Kd5 38. a4 Rb2 39. a5
Rxb3+ 40. Kd2 Rxg3 41. Rb7 Ra3 42. Rxb5+ Ke4 43. Rb4+ Kf3 {#R} 0-1

[Event "Thursday Knighter XII: PREMIER"]
[Site "Minneapolis, MN"]
[Date "2018.12.14"]
[Round "2.1"]
[White "Hoover, Nathan"]
[Black "Newhall, Peter"]
[Result "1-0"]
[WhiteElo "1979"]
[BlackElo "1067"]

1. d4 f5 2. h3 d6 3. g4 e5 4. dxe5 Nc6 5. Nf3 fxg4 6. Bg5 Be7 7. Bxe7 Qxe7 8.
exd6 cxd6 9. hxg4 Bxg4 10. Qd3 Bxf3 11. Qxf3 Nf6 12. Nc3 O-O 13. O-O-O Qe5 14.
e3 Rac8 15. Bc4+ Kh8 16. Qh3 h6 17. Rdg1 Qe7 18. Be6 Rce8 19. Bf5 Nh7 20. Bg6
Rc8 21. f4 Nf6 22. Bf5 Rc7 23. Nb5 Nb4 24. Nxc7 Qxc7 25. a3 Nxc2 26. Bxc2 Rc8
27. Rh2 d5 28. Kb1 d4 29. exd4 Qxf4 30. Qxc8+ {#r} 1-0

[Event "Thursday Knighter XII: PREMIER"]
[Site "Minneapolis, MN"]
[Date "2018.12.14"]
[Round "2.2"]
[White "Britt, Thomas"]
[Black "Buyukdag, Yusuf"]
[Result "1-0"]
[WhiteElo "1460"]
[BlackElo "1102"]

1. d4 Nf6 2. c4 e6 3. Nf3 c5 4. d5 exd5 5. cxd5 d6 6. Nc3 g6 7. Nd2 Bg7 8. Nc4
O-O 9. Bf4 Ne8 10. Qd2 a6 11. a4 f5 12. g3 Qc7 13. Bg2 Nd7 14. a5 Rb8 15. Na4
Ne5 16. Bxe5 Bxe5 17. Nxe5 dxe5 18. Rc1 c4 19. Nb6 Nd6 20. Qb4 f4 21. Nxc4 Nb5
22. d6 Qg7 23. Qc5 fxg3 24. hxg3 e4 25. Qd5+ Kh8 26. Qe5 Qxe5 27. Nxe5 Nxd6
28. Nxg6+ {#r} 1-0

[Event "Thursday Knighter XII: PREMIER"]
[Site "Minneapolis, MN"]
[Date "2018.12.14"]
[Round "2.4"]
[White "Louie, Terry"]
[Black "Mulligan, Toma"]
[Result "0-1"]
[WhiteElo "1506"]
[BlackElo "2008"]

1. c4 c5 2. Nc3 Nc6 3. g3 d6 4. Bg2 g6 5. b3 Bg7 6. Bb2 Nf6 7. e3 e5 8. Nge2
Bf5 9. O-O Bd3 10. a3 Qd7 11. f4 O-O 12. Re1 Bf5 13. e4 Bh3 14. Bf3 Rfe8 15.
Nd5 Nxd5 16. cxd5 Nd4 17. Nxd4 exd4 18. d3 h5 19. Rc1 Bh6 20. b4 b6 21. Rc4
Bg7 22. Qa1 Rac8 23. Rec1 Bg4 24. Bg2 Be2 25. Qb1 h4 26. Kf2 Bg4 27. Re1 Re7
28. Qc2 b5 {#R} 0-1

[Event "Thursday Knighter XII: OPEN"]
[Site "Minneapolis, MN"]
[Date "2018.12.14"]
[Round "2.1"]
[White "Landman, Kevin"]
[Black "Foote, Brendan"]
[Result "1-0"]
[WhiteElo "1506"]
[BlackElo "1142"]

1. d4 Nf6 2. c4 g6 3. Nc3 Bg7 4. e4 d6 5. f3 O-O 6. Be3 Nc6 7. Qd2 e5 8. d5
Ne7 9. Bd3 Nd7 10. Nge2 f5 11. O-O-O f4 12. Bf2 Nf6 13. Kb1 Kh8 14. Nc1 g5 15.
Bc2 g4 16. Nd3 Ng6 17. Rc1 Nh5 18. Ne2 Nh4 19. Bxh4 Qxh4 20. g3 Qf6 21. Rcf1
gxf3 22. Rxf3 Bg4 23. Rf2 Qg6 24. Ne1 Bxe2 25. Rxe2 fxg3 26. hxg3 Nxg3 27. Rg2
Rf6 28. Rhg1 Bh6 29. Qd3 Bf4 30. Rxg3 Bxg3 31. Rxg3 Qf7 32. Rf3 Rf8 33. Rf5
Qg7 34. Nf3 Qg2 35. a3 Qh1+ 36. Ka2 Kg8 37. Ng5 h5 38. Ne6 R8f7 39. Qg3+ Kh8
40. Rxf6 {#r} 1-0

[Event "Thursday Knighter XII: OPEN"]
[Site "Minneapolis, MN"]
[Date "2018.12.14"]
[Round "2.6"]
[White "Khann, Riaz"]
[Black "Juntunen, Steven"]
[Result "1/2-1/2"]
[WhiteElo "1506"]
[BlackElo "2133"]

1. f4 d5 2. Nf3 c5 3. e3 Nc6 4. Be2 e6 5. O-O Nf6 6. b3 d4 7. Qe1 dxe3 8. dxe3
Be7 9. Bb2 O-O 10. Nc3 a6 11. Qg3 b5 12. Ne4 Nb4 13. Rad1 Bd7 14. c3 Nbd5 15.
Nxf6+ Bxf6 16. Ne5 Bxe5 17. fxe5 Ne7 18. c4 Nf5 19. Qh3 Qc7 20. e4 Nd4 21.
Bxd4 cxd4 22. Qg3 f5 23. exf5 Rxf5 24. Rxf5 exf5 25. Bf3 Re8 26. Bd5+ Kf8 27.
Re1 Be6 28. Bxe6 Rxe6 29. Qf4 bxc4 30. Qxf5+ Qf7 31. Qg5 Qd7 32. Rf1+ Kg8 33.
Qf4 Qe8 34. Qxd4 cxb3 35. axb3 Rxe5 36. Qc4+ Qe6 37. Qb4 Qe8 38. h3 Rb5 39.
Qc4+ Kh8 40. Qf4 Kg8 41. h4 g6 42. Qc4+ Kg7 43. Qc7+ Kg8 44. Qc4+ Kg7 45. Qc7+
Kg8 46. Qc4+ Kg7 {#d} 1/2-1/2

[Event "Thursday Knighter XII: PREMIER"]
[Site "Minneapolis, MN"]
[Date "2018.12.20"]
[Round "3.1"]
[White "Hoover, Nathan"]
[Black "Wasserman, Eddie"]
[Result "1-0"]
[WhiteElo "1979"]
[BlackElo "1928"]

1. d4 Nf6 2. c4 c5 3. d5 e5 4. Nc3 d6 5. e4 Be7 6. Nf3 Nbd7 7. Bd3 Nf8 8. h3
Ng6 9. g3 O-O 10. h4 Ng4 11. h5 Nh8 12. Nh4 Bg5 13. Nf5 Bxf5 14. exf5 Nh6 15.
Bxg5 Qxg5 16. Ne4 Qd8 17. f6 gxf6 18. g4 Kg7 19. Rg1 Rg8 20. Qd2 Re8 21. O-O-O
Ng8 22. g5 Kf8 23. gxf6 b5 24. Rxg8+ Kxg8 25. Qh6 {#r} 1-0